[Event "ARM-ch Rapid 2019"]
[Site "Yerevan"]
[Date "2019.01.23"]
[Round "8.6"]
[White "Babujian, Levon"]
[Black "Vaganian, Rafael A"]
[Result "1-0"]
[WhiteElo "2488"]
[BlackElo "2546"]
[Annotator "TA"]
[PlyCount "67"]
[EventDate "2019.01.22"]
[EventType "tourn"]
[EventCountry "ARM"]

{[%evp 23,67,0,29,28,29,29,29,31,32,22,31,0,0,0,53,50,50,33,52,14,78,74,61,51,116,124,220,210,209,219,278,241,245,225,229,187,408,403,636,625,631,586,573,536,693,747]} 1. d4 d5 2. c4 e6 3. Nc3 Be7 4. Nf3 Nf6 5. Bg5 h6 6. Bh4 O-O 7. e3 b6 8. cxd5 Nxd5 9. Bxe7 Qxe7 10. Nxd5 exd5 11. Rc1 Be6 12. Qa4 a5 13. Bb5 {D59: Queen's Gambit Declined: Tartakower Defence: Main line (8 cxd5 Nxd5)} (13. Rc3 Rc8 14. a3 c5 15. Bb5 Nd7 16. O-O Nf6 17. Nd2 Bf5 18. Rfc1 Qd6 19. h3 g5 20. Qd1 Kg7 21. Bd3 Bxd3 22. dxc5 bxc5 23. Rxd3 Rab8 24. b3 Qe7 {½-½ (24) Schlosser,P (2515)-Short,N (2660) Kolkata 1998}) 13... Qb4+ 14. Qxb4 axb4 15. Rxc7 {White has an edge.} Rxa2 {aiming for ...Ra1+.} 16. O-O Rxb2 17. h3 $146 ({Predecessor:} 17. Rb7 Bf5 18. Ne5 b3 19. Rxb6 f6 20. Bd3 fxe5 21. Bxf5 Rxf5 22. Rxb8+ {½-½ (43) Plesek,J (2146)-Neckar,L (2349) Czechia 2011}) 17... Bf5 18. Ne5 Rd2 (18... b3 $11) 19. Ba4 $14 {[%mdl 1024] White has compensation.} f6 20. Nf3 Rb2 21. Rfc1 Bd3 (21... Na6 $11 {keeps the balance.} 22. Ra7 Bd3) 22. Rb7 $16 Bc4 23. Rxb6 Rd8 ({Black should play} 23... Na6 $1 $14) 24. Nh4 Ra2 {[#]} (24... b3 $16 25. Nf5 Na6) 25. Bb5 $1 $18 Bxb5 26. Rxb5 Na6 27. Nf5 Rd7 28. Rc8+ Kh7 29. Rb6 g6 $2 (29... Ra1+ {might work better.} 30. Kh2 Ra3) 30. Nd6 f5 (30... Rc7 $142 31. Rxa6 Rxc8 32. Rxa2 Rb8) 31. Ne8 {Threatens to win with Nf6+.White is clearly winning.} Ra7 32. Nf6+ {[%mdl 64] [#] Double Attack} Kg7 33. Nxd5 Rd2 34. Rcc6 {Accuracy: White = 80%, Black = 35%.} 1-0

[Event "ARM-ch Rapid 2019"]
[Site "Yerevan"]
[Date "2019.01.23"]
[Round "8.7"]
[White "Harutyunian, Tigran K."]
[Black "Alaverdyan, Gevorg"]
[Result "1-0"]
[WhiteElo "2542"]
[BlackElo "2261"]
[Annotator "TA"]
[PlyCount "99"]
[EventDate "2019.01.22"]
[EventType "tourn"]
[EventCountry "ARM"]

{[%evp 17,99,36,27,21,55,31,55,50,55,65,72,34,53,54,60,53,102,94,164,105,106,90,96,72,102,89,96,0,113,63,69,57,87,65,251,263,254,245,233,206,208,196,345,344,350,363,349,355,335,306,557,565,557,540,508,485,765,758,725,679,977,987,937,925,1575,1560,1375,1971,1891,911,787,0,1827,1700,1510,1566,29978,29979,29977,29979,29977,29978,29978,29961]} 1. Nf3 Nf6 2. d4 g6 3. e3 Bg7 4. Be2 O-O 5. O-O d6 6. b3 Nbd7 7. Bb2 c6 8. c4 Qc7 9. Nc3 Re8 {LiveBook: 3 Games} 10. Rc1 {E60: King's Indian: Unusual lines and Fianchetto Variation without Nc3} (10. Qc2 e5 11. Rfd1 Nf8 12. Ba3 e4 13. Nd2 Bf5 14. Nf1 Qe7 15. b4 h5 16. Rab1 N8h7 17. c5 d5 {0-1 (63) Gunina,V (2525)-Gvetadze,S (2283) Doha 2016}) 10... Nf8 11. Qc2 Bg4 $146 ({Predecessor:} 11... N6d7 12. b4 e5 13. d5 a6 14. dxc6 bxc6 15. e4 Ne6 16. Na4 {½-½ (65) Belak,S (1998)-Danko,F (1831) Slovakia 2014}) 12. h3 {White is slightly better.} Bxf3 13. Bxf3 e5 14. Rfd1 Qe7 15. Ba3 e4 16. Be2 Qd7 17. b4 $36 {[%mdl 2048] White has strong initiative.} g5 (17... Qe7 $16) 18. b5 (18. d5 $18) 18... Ng6 19. bxc6 bxc6 20. Qa4 g4 21. hxg4 Nxg4 22. Qa5 (22. Rf1 $16) 22... d5 (22... c5 $1 $11) 23. cxd5 Qf5 $1 {[%cal Rf5f2]} 24. Bxg4 $1 Qxg4 25. Qc7 ({Much worse is} 25. dxc6 $6 Nh4 $11) 25... Nh4 $2 {[#]} ({Black should try} 25... cxd5 $1 $14 26. Qh2 (26. Nxd5 Rad8 $11) 26... Red8) 26. Qg3 $18 Qxg3 27. fxg3 Nf5 28. Kf2 Rac8 29. g4 Nxe3 (29... Nh6 $142 30. g5 Ng4+ 31. Ke2 cxd5 32. Nxd5 Rb8 33. Ne7+ Kh8) 30. Kxe3 Bh6+ 31. Ke2 Bxc1 32. Rxc1 ({Less strong is} 32. Bxc1 cxd5 33. Nxd5 Rc2+ 34. Bd2 Kg7 $18) 32... cxd5 33. Nxd5 Rxc1 $2 (33... Kg7 {was called for.} 34. Ke3 Rxc1 35. Bxc1 Rc8) 34. Nf6+ Kh8 {[#] Strongly threatening ...Rc2+.} 35. Bxc1 Rc8 36. Bf4 Rc2+ (36... Kg7 $142) 37. Ke3 Kg7 38. g5 h6 39. Ne8+ Kg6 40. gxh6 f5 41. d5 Rxa2 42. Nc7 Ra3+ 43. Ke2 (43. Kd4 $142 Rd3+ 44. Kc4) 43... Ra2+ 44. Ke3 (44. Ke1 $142 Ra1+ 45. Kd2) 44... Ra3+ 45. Kd4 Rd3+ 46. Kc4 Kf7 47. Ne6 {White mates.} Rd1 48. h7 Rh1 49. Be5 Rxh7 50. Ng5+ {Precision: White = 70%, Black = 33%.} 1-0

[Event "ARM-ch Rapid 2019"]
[Site "Yerevan"]
[Date "2019.01.23"]
[Round "8.8"]
[White "Yegiazarian, Arsen"]
[Black "Gharibyan, Mamikon"]
[Result "0-1"]
[WhiteElo "2399"]
[BlackElo "2318"]
[PlyCount "64"]
[EventDate "2019.01.22"]
[EventType "tourn"]
[EventCountry "ARM"]
[TimeControl "40/5400+30:1800+30"]
[WhiteClock "0:00:11"]
[BlackClock "0:00:20"]

1. d4 {[%emt 1:15:14]} Nf6 {[%emt 1:15:17]} 2. c4 {[%emt 0:00:28]} e6 {[%emt 0:00:25]} 3. Nc3 {[%emt 0:00:24]} Bb4 {[%emt 0:00:27]} 4. e3 {[%emt 0:00:24]} O-O {[%emt 0:01:10]} 5. Nge2 {[%emt 0:00:32]} d5 {[%emt 0:00:39]} 6. a3 {[%emt 0:00:21]} Be7 {[%emt 0:00:25]} 7. cxd5 {[%emt 0:00:23]} exd5 {[%emt 0:00:22]} 8. b4 {[%emt 0:00:29]} c6 {[%emt 0:00:45]} 9. Ng3 {[%emt 0:00:22]} Re8 {[%emt 0:01:30]} 10. Bd3 {[%emt 0:00:22]} Nbd7 {[%emt 0:05:06]} 11. O-O {[%emt 0:00:27]} Nf8 {[%emt 0:01:08]} 12. f3 {[%emt 0:01:02]} a5 {[%emt 0:00:43]} 13. b5 {[%emt 0:00:49]} c5 {[%emt 0:00:21]} 14. Nce2 {[%emt 0:03:43]} cxd4 {[%emt 0:02:02]} 15. exd4 {[%emt 0:00:48]} h5 {[%emt 0:01:48]} 16. Bd2 {[%emt 0:04:49]} Ne6 {[%emt 0:00:44]} 17. Nf5 {[%emt 0:00:38]} Bf8 {[%emt 0:00:32]} 18. Qe1 {[%emt 0:03:30]} Kh8 {[%emt 0:02:22]} 19. Qg3 {[%emt 0:01:41]} Nc5 {[%emt 0:01:38]} 20. Nh6 {[%emt 0:00:59]} gxh6 {[%emt 0:00:45]} 21. dxc5 {[%emt 0:00:23]} Bxc5+ {[%emt 0:00:28]} 22. Kh1 {[%emt 0:00:21]} Be3 {[%emt 0:01:05]} 23. Bxe3 {[%emt 0:00:45]} Rxe3 {[%emt 0:00:21]} 24. Rad1 {[%emt 0:00:25]} Qg8 {[%emt 0:00:52]} 25. Qd6 {[%emt 0:00:53]} Qg7 {[%emt 0:01:07]} 26. Nf4 {[%emt 0:00:51]} Bd7 {[%emt 0:00:42]} 27. Nxd5 {[%emt 0:01:12]} Re6 {[%emt 0:00:28]} 28. Qc5 {[%emt 0:00:32]} Re5 {[%emt 0:00:21]} 29. Be4 {[%emt 0:00:53]} Rg8 {[%emt 0:00:26]} 30. Rf2 {[%emt 0:01:01]} Be6 {[%emt 0:00:49]} 31. h3 {[%emt 0:00:36]} Nxe4 {[%emt 0:00:31]} 32. fxe4 {[%emt 0:00:23]} Rg5 {[%emt 0:00:30]} 0-1

[Event "ARM-ch Rapid 2019"]
[Site "Yerevan"]
[Date "2019.01.23"]
[Round "8.9"]
[White "Danielyan, Vahe"]
[Black "Chibukhchian, Artur"]
[Result "1-0"]
[WhiteElo "2186"]
[BlackElo "2384"]
[PlyCount "88"]
[EventDate "2019.01.22"]
[EventType "tourn"]
[EventCountry "ARM"]
[TimeControl "40/5400+30:1800+30"]
[WhiteClock "0:00:12"]
[BlackClock "0:01:05"]

1. e4 {[%emt 1:15:22]} c5 {[%emt 1:15:13]} 2. Nc3 {[%emt 0:00:29]} a6 {[%emt 0:00:23]} 3. g3 {[%emt 0:00:22]} b5 {[%emt 0:00:21]} 4. Bg2 {[%emt 0:00:21]} Bb7 {[%emt 0:00:20]} 5. Nge2 {[%emt 0:00:21]} e6 {[%emt 0:00:21]} 6. d4 {[%emt 0:00:21]} cxd4 {[%emt 0:00:21]} 7. Nxd4 {[%emt 0:00:20]} Qc7 {[%emt 0:00:21]} 8. O-O {[%emt 0:00:23]} Nc6 {[%emt 0:01:33]} 9. Re1 {[%emt 0:00:26]} Nxd4 {[%emt 0:03:39]} 10. Qxd4 {[%emt 0:00:21]} f6 {[%emt 0:00:20]} 11. Be3 {[%emt 0:01:50]} Ne7 {[%emt 0:03:06]} 12. a4 {[%emt 0:00:28]} Nc6 {[%emt 0:00:23]} 13. Qd2 {[%emt 0:00:28]} b4 {[%emt 0:00:23]} 14. Ne2 {[%emt 0:00:59]} Be7 {[%emt 0:00:31]} 15. Red1 {[%emt 0:01:09]} Rd8 {[%emt 0:01:10]} 16. c3 {[%emt 0:00:22]} Na5 {[%emt 0:01:10]} 17. Qd3 {[%emt 0:02:03]} Nc4 {[%emt 0:01:30]} 18. cxb4 {[%emt 0:00:35]} Nxe3 {[%emt 0:00:25]} 19. Qxe3 {[%emt 0:00:48]} Bxb4 {[%emt 0:00:21]} 20. Rac1 {[%emt 0:00:23]} Qa5 {[%emt 0:00:23]} 21. Rc4 {[%emt 0:01:42]} Be7 {[%emt 0:00:30]} 22. Qa7 {[%emt 0:02:39]} Ba8 {[%emt 0:00:21]} 23. Rc7 {[%emt 0:01:04]} Qxa4 {[%emt 0:01:09]} 24. Nc3 {[%emt 0:00:22]} Qb4 {[%emt 0:01:10]} 25. Rdxd7 {[%emt 0:00:59]} Rxd7 {[%emt 0:00:26]} 26. Rxd7 {[%emt 0:00:29]} Kf7 {[%emt 0:01:06]} 27. e5 {[%emt 0:01:41]} Bxg2 {[%emt 0:00:31]} 28. exf6 {[%emt 0:00:25]} gxf6 {[%emt 0:00:33]} 29. Kxg2 {[%emt 0:00:21]} Re8 {[%emt 0:01:25]} 30. Qxa6 {[%emt 0:01:02]} Qxb2 {[%emt 0:00:25]} 31. Ne4 {[%emt 0:00:23]} Rd8 {[%emt 0:03:25]} 32. Nd6+ {[%emt 0:01:41]} Kf8 {[%emt 0:00:29]} 33. Rxd8+ {[%emt 0:00:28]} Bxd8 {[%emt 0:00:21]} 34. Qc6 {[%emt 0:00:21]} Bb6 {[%emt 0:02:33]} 35. Qe8+ {[%emt 0:03:38]} Kg7 {[%emt 0:00:24]} 36. Qf7+ {[%emt 0:00:40]} Kh6 {[%emt 0:00:22]} 37. Qf8+ {[%emt 0:00:36]} Kh5 {[%emt 0:00:28]} 38. Ne4 {[%emt 0:00:49]} Kg6 {[%emt 0:00:51]} 39. Qg8+ {[%emt 0:00:42]} Kf5 {[%emt 0:00:21]} 40. Qxh7+ {[%emt 0:00:32]} Ke5 {[%emt 0:00:21]} 41. Qh4 {[%emt 0:30:25]} Bd4 {[%emt 0:30:46]} 42. Qf4+ {[%emt 0:01:04]} Kd5 {[%emt 0:00:21]} 43. Qf3 {[%emt 0:00:25]} f5 {[%emt 0:00:46]} 44. Ng5+ {[%emt 0:00:36]} Ke5 {[%emt 0:00:30]} 1-0

[Event "ARM-ch Rapid 2019"]
[Site "Yerevan"]
[Date "2019.01.23"]
[Round "8.10"]
[White "Gharagyozyan, Artur"]
[Black "Nadanian, Ashot"]
[Result "0-1"]
[WhiteElo "2253"]
[BlackElo "2317"]
[PlyCount "60"]
[EventDate "2019.01.22"]
[EventType "tourn"]
[EventCountry "ARM"]
[TimeControl "40/5400+30:1800+30"]
[WhiteClock "0:02:26"]
[BlackClock "0:04:45"]

1. e4 {[%emt 1:15:16]} d5 {[%emt 1:15:15]} 2. exd5 {[%emt 0:00:22]} Qxd5 {[%emt 0:00:23]} 3. Nc3 {[%emt 0:00:30]} Qd6 {[%emt 0:00:39]} 4. d4 {[%emt 0:00:38]} Nf6 {[%emt 0:00:25]} 5. Bc4 {[%emt 0:00:52]} c6 {[%emt 0:00:32]} 6. Nf3 {[%emt 0:00:29]} Bg4 {[%emt 0:01:02]} 7. Be3 {[%emt 0:00:38]} e6 {[%emt 0:00:25]} 8. h3 {[%emt 0:00:22]} Bxf3 {[%emt 0:00:51]} 9. Qxf3 {[%emt 0:00:22]} Be7 {[%emt 0:00:23]} 10. g4 {[%emt 0:00:40]} Nd5 {[%emt 0:00:39]} 11. Bd2 {[%emt 0:01:08]} O-O {[%emt 0:01:34]} 12. Ne4 {[%emt 0:00:39]} Qc7 {[%emt 0:00:39]} 13. O-O-O {[%emt 0:01:04]} Nd7 {[%emt 0:01:29]} 14. g5 {[%emt 0:00:31]} a5 {[%emt 0:01:13]} 15. Rdg1 {[%emt 0:00:50]} Rfc8 {[%emt 0:00:56]} 16. h4 {[%emt 0:00:37]} c5 {[%emt 0:00:38]} 17. Bxd5 {[%emt 0:02:12]} cxd4 {[%emt 0:00:36]} 18. Bb3 {[%emt 0:01:48]} Ne5 {[%emt 0:00:26]} 19. Qh5 {[%emt 0:01:58]} a4 {[%emt 0:02:03]} 20. Nf6+ {[%emt 0:00:37]} Bxf6 {[%emt 0:00:23]} 21. gxf6 {[%emt 0:00:28]} axb3 {[%emt 0:05:17]} 22. Rxg7+ {[%emt 0:00:45]} Kf8 {[%emt 0:00:23]} 23. Bb4+ {[%emt 0:01:28]} Ke8 {[%emt 0:00:22]} 24. c3 {[%emt 0:01:33]} bxa2 {[%emt 0:01:15]} 25. Kd2 {[%emt 0:01:32]} dxc3+ {[%emt 0:01:23]} 26. bxc3 {[%emt 0:00:47]} Qd7+ {[%emt 0:00:56]} 27. Ke3 {[%emt 0:00:56]} Qd3+ {[%emt 0:00:52]} 28. Kf4 {[%emt 0:00:22]} Rc4+ {[%emt 0:00:22]} 29. Kg5 {[%emt 0:00:25]} Qd2+ {[%emt 0:00:22]} 30. f4 {[%emt 0:00:26]} Qxf4# {[%emt 0:00:51]} 0-1

[Event "ARM-ch Rapid 2019"]
[Site "Yerevan"]
[Date "2019.01.23"]
[Round "9.1"]
[White "Sargsyan, Shant"]
[Black "Martirosyan, Haik M."]
[Result "1/2-1/2"]
[WhiteElo "2486"]
[BlackElo "2607"]
[Annotator "TA"]
[PlyCount "71"]
[EventDate "2019.01.22"]
[EventType "tourn"]
[EventCountry "ARM"]

{[%evp 20,71,21,14,18,11,27,10,34,17,51,21,59,8,10,2,12,0,0,-2,-2,-2,8,0,0,0,0,0,12,0,0,0,0,0,0,0,0,0,0,0,0,0,0,0,0,0,0,0,0,0,0,0,0,0]} 1. d4 Nf6 2. c4 e6 3. Nf3 d5 4. Nc3 Be7 5. g3 dxc4 6. Bg2 O-O 7. Ne5 Nbd7 {E06: Closed Catalan: Early deviations} 8. Nxc4 Nb6 9. Ne5 c5 10. dxc5 Qxd1+ 11. Nxd1 {LiveBook: 6 Publish game on website} Bxc5 12. O-O Nfd5 13. b3 {[#]} a5 $146 14. Nd3 Bd6 15. Ne3 a4 16. Nxd5 (16. Nc4 $14 Bc7 17. Bb2) 16... Nxd5 $11 {The position is equal.} 17. Bd2 Bd7 18. Bxd5 exd5 19. Bb4 Bxb4 20. Nxb4 d4 21. Nc2 d3 22. exd3 Bf5 23. Nb4 Rfd8 24. Rfc1 Bxd3 25. Nxd3 Rxd3 26. bxa4 {[%mdl 4096] General book An&V&V-An&V&V} g6 27. Rc4 Ra3 28. Rb1 R3xa4 29. Rxa4 Rxa4 30. Rxb7 Rxa2 {An&V-An&V} 31. Kg2 Kg7 32. h4 h5 33. Rc7 Rb2 34. Ra7 Rc2 35. Rb7 Ra2 36. Rc7 {NOTEXT-4805: Tournament = 31%, Annotator = 69%.} 1/2-1/2

[Event "ARM-ch Rapid 2019"]
[Site "Yerevan"]
[Date "2019.01.23"]
[Round "9.2"]
[White "Hovhannisyan, Robert"]
[Black "Petrosyan, Manuel"]
[Result "1/2-1/2"]
[WhiteElo "2637"]
[BlackElo "2579"]
[Annotator "TA"]
[PlyCount "137"]
[EventDate "2019.01.22"]
[EventType "tourn"]
[EventCountry "ARM"]

{[%evp 23,137,31,41,27,58,0,0,0,0,0,0,0,55,56,64,65,94,93,78,89,84,85,82,88,89,90,75,72,101,91,91,-13,-13,-3,66,53,77,78,85,77,77,84,85,46,77,65,80,0,0,-144,-8,-188,-188,-188,-187,-307,-133,-129,-46,-54,-45,-53,-53,-47,-53,-53,-44,-45,-45,-46,-8,-8,-8,-8,-8,-8,-8,-20,0,0,0,0,0,0,0,0,0,-8,-8,-8,-8,-8,-8,-8,-8,-8,-8,-8,0,-8,-8,-8,-8,-8,-8,-11,-8,-8,-8,-8,-8,-8,-8,-8,-8,-8]} 1. e4 c6 2. d4 d5 3. e5 Bf5 4. Nf3 e6 5. Be2 c5 6. Be3 cxd4 7. Nxd4 Ne7 8. Nd2 {B12: Caro-Kann: Advance Variation} Nbc6 9. N2f3 Be4 10. O-O Bxf3 11. Nxf3 Qc7 12. Rc1 Rd8 {LiveBook: 6 Games} 13. c3 Nf5 $146 ({Predecessor:} 13... Ng6 14. Bd4 Be7 15. Re1 O-O {1-0 (73) Le,Q (2715)-Swapnil,S (2493) Douglas 2018}) 14. Bd4 (14. Bd2 $14) 14... Be7 $11 15. Bd3 Nfxd4 16. cxd4 Qb6 17. Rc3 g5 (17... Qxb2 $11 18. Rb3 Qxa2) 18. Rb3 $36 {[%mdl 2048] White is pushing.} Qc7 19. Bb5 Kf8 20. Rc3 Qb6 21. Bxc6 $1 bxc6 22. Qc1 h6 23. Rxc6 Qb4 24. a3 Qa4 25. Qc3 Kg7 26. Rc7 Rd7 27. b4 (27. Rxd7 $16 Qxd7 28. Rc1) 27... Rxc7 $11 28. Qxc7 Bd8 (28... Re8 $11) 29. Qc3 $14 Re8 30. Ne1 {[%cal Bf3e1,Be1d3,Bd3c5][%mdl 32]} a5 31. Nd3 axb4 32. axb4 Be7 33. f4 {Threatens to win with fxg5.} Qb5 34. fxg5 Bxg5 35. Nc5 ({Better is} 35. Nf4 $1 $16) 35... Qc4 36. Qxc4 (36. Rf3 $11 {remains equal.}) 36... dxc4 $11 {[%mdl 4096] Endgame KRB-KRN} ({Black should try} 36... Be3+ $17 37. Kh1 dxc4) 37. Ne4 $2 (37. Kf2 $11 {and White has nothing to worry.}) 37... Be3+ $19 38. Kh1 Rb8 ({Much less strong is} 38... Bxd4 39. Rc1 $17) 39. Nd6 {[#]} (39. b5 $142) 39... Rxb4 (39... c3 $1 $19 {and Black stays clearly on top.} 40. Rxf7+ Kg6) 40. Rxf7+ $17 {[#]} Kg8 (40... Kg6 $1 $17 {( -> ...Rb1+)} 41. g4 c3 42. Rf6+ Kh7 43. Rf7+ Kg6 44. Rf6+ Kg7 45. Rf7+ Kg8) 41. g3 $15 Bxd4 42. Rc7 $1 c3 {Hoping for ...Rb2.} 43. Ne4 Rb1+ 44. Kg2 Bxe5 45. Rc5 Rb2+ 46. Kf3 c2 {aiming for ...Rb3+.} 47. Ke3 {The position is equal.} Bg7 48. Kd3 {[#]} c1=Q $1 {[%mdl 512]} 49. Rxc1 Rxh2 50. Rc7 Kh7 51. Rc6 Kg6 52. Rxe6+ Kf5 53. Re7 Bb2 54. Rf7+ Kg4 55. Rf8 Bc1 56. Rg8+ Bg5 57. Rf8 Ra2 58. Rf7 Ra3+ 59. Kd4 Be3+ 60. Kc4 Bg5 61. Kd4 Ra4+ 62. Kd3 Ra2 63. Kd4 Ra3 (63... Kh5 {keeps more tension.} 64. Rg7 Ra1 65. Ke5 Rf1 66. Rc7 Kg4) 64. Kc4 (64. Ke5 {is interesting.} Ra4 65. Rc7 Ra5+ 66. Ke6 Be3 67. Rc4) 64... Rf3 (64... Be3 {feels hotter.} 65. Rf1 Ra5 66. Kd3 Bg5 67. Kd4 Ra7) 65. Rxf3 Kxf3 66. Kd3 $1 Bd8 67. g4 Bg5 (67... Kxg4 68. Ke2) 68. Nd6 Kxg4 69. Ke2 {Accuracy: White = 71%, Black = 59%.} 1/2-1/2

[Event "ARM-ch Rapid 2019"]
[Site "Yerevan"]
[Date "2019.01.23"]
[Round "9.3"]
[White "Hakobyan, Aram"]
[Black "Hayrapetyan, Arman Ash."]
[Result "1/2-1/2"]
[WhiteElo "2545"]
[BlackElo "2375"]
[Annotator "TA"]
[PlyCount "93"]
[EventDate "2019.01.22"]
[EventType "tourn"]
[EventCountry "ARM"]

{[%evp 30,93,28,30,41,35,73,73,58,20,27,0,0,0,0,0,20,22,14,16,21,6,5,8,18,0,0,0,21,2,39,40,81,79,78,37,37,25,42,57,58,12,10,0,0,0,0,0,0,0,0,0,0,0,0,0,0,-8,0,0,0,0,0,0,0,0]} 1. Nf3 Nf6 2. d4 g6 3. g3 Bg7 4. Bg2 O-O 5. O-O d6 6. b3 c5 7. c4 Nc6 8. Bb2 cxd4 9. Nxd4 Bd7 10. Nc3 Nxd4 11. Qxd4 Bc6 12. Nd5 Ne8 13. Qd2 Bxb2 14. Qxb2 Nc7 15. Rfd1 {E60: King's Indian: Unusual lines and Fianchetto Variation without Nc3} Nxd5 16. Bxd5 {[#] LiveBook: 9 Games} Qc7 $146 ({Predecessor:} 16... Rc8 17. h4 Qd7 18. Rd4 Bxd5 19. Rxd5 Rc5 {½-½ (19) Cvitan,O (2526)-Stevic,H (2596) Opatija 2015}) 17. h4 {White is slightly better.} e6 18. Bxc6 bxc6 19. e4 f5 20. Qd4 Rad8 $1 21. exf5 Rxf5 22. Rd2 Qg7 23. Re1 Qxd4 24. Rxd4 $11 {[%mdl 4096] Endgame KRR-KRR} Kf7 25. f4 Ra5 26. Re2 d5 27. cxd5 exd5 28. Kf2 c5 29. Rd3 Rd6 30. a4 c4 31. bxc4 d4 32. Kf3 Rxa4 33. c5 Re6 34. Rc2 Ke7 35. c6 {[#] aiming for c7.} Kd8 {The position is equal.} 36. Rb3 {c7+ would kill now.} Kc8 37. g4 d3 38. Rxd3 {Black must now prevent c7.} Ree4 39. Rd7 {Strongly threatening Rf7.} Rxf4+ {[%mdl 64] [#] Double Attack} 40. Ke3 Rxg4 41. Rxh7 Rxh4 42. Rxh4 Rxh4 {KR-KR} 43. Rg2 Rh6 44. Ra2 Rh7 45. Kf4 Kb8 46. Kg5 Rc7 47. Ra6 {Accuracy: White = 58%, Black = 56%.} 1/2-1/2

[Event "ARM-ch Rapid 2019"]
[Site "Yerevan"]
[Date "2019.01.23"]
[Round "9.4"]
[White "Andriasian, Zaven"]
[Black "Babujian, Levon"]
[Result "1-0"]
[WhiteElo "2604"]
[BlackElo "2488"]
[Annotator "TA"]
[PlyCount "73"]
[EventDate "2019.01.22"]
[EventType "tourn"]
[EventCountry "ARM"]

{[%evp 15,73,68,72,47,79,37,67,20,27,15,22,0,28,0,0,0,0,0,0,0,0,-4,103,65,165,177,287,289,257,261,269,259,402,205,206,38,232,218,223,196,336,346,554,516,502,459,1280,1243,29988,29990,29989,29990,29990,29991,29991,29992,29992,29993,29993,29994]} 1. e4 c5 2. Nf3 d6 3. d4 cxd4 4. Nxd4 Nf6 {[%cal Bg8f6,Bf6d7,Bd7e5,Be5g4][%mdl 32]} 5. Nc3 e6 6. g4 a6 7. g5 Nfd7 8. Be3 b5 9. h4 {B81: Sicilian Scheveningen: Keres Attack} (9. a3 Bb7 10. f4 Nc6 11. Nxc6 Bxc6 12. Qd2 Rb8 13. Bg2 Be7 14. O-O h6 15. h4 hxg5 16. hxg5 Qc7 17. Rae1 {1-0 (41) Amonatov,F (2592)-Artemiev,V (2671) St Petersburg 2015}) 9... Bb7 10. Bg2 Be7 11. Qd2 {White is slightly better.} Ne5 12. b3 $146 ({Predecessor:} 12. O-O-O Nbd7 13. Kb1 Rc8 14. Rhe1 O-O 15. Nb3 Qc7 16. Bf4 Nc4 17. Qd3 {0-1 (28) Fengsrud,R-Uecker,D ICCF corr 1990}) 12... Ng4 13. O-O-O Nd7 14. Kb1 Rc8 15. f4 Nxe3 16. Qxe3 Qc7 17. Nce2 O-O 18. Rd2 Qc5 (18... Rfe8 $11 {keeps the balance.}) 19. Qh3 Nb6 (19... Qc7 $14) 20. h5 $1 $18 {g6! is the strong threat.} Kh8 (20... e5 $142) 21. g6 $1 {aiming for h6.} h6 22. gxf7 Rxf7 23. Nxe6 Qb4 (23... Qa3 $142 24. e5 Nc4 25. bxc4 Qxh3 26. Rxh3 Bxg2) 24. Rd4 (24. c3 $142 Qa5 25. e5) 24... Qa3 {[#]} 25. Rhd1 $2 (25. Qg3 $1 $18) 25... a5 $2 (25... Bf6 $14 26. e5 dxe5 27. fxe5 Bxe5 28. Rd8+ {[#]} Rf8 $1 {[%mdl 512]} 29. Rxf8+ Rxf8) 26. Nc3 Ba6 ({But not} 26... Bf6 $2 27. Nxb5 Nc4 28. Nxa3 $18) 27. Bf1 d5 (27... Nc4 $142 28. Bxc4 (28. bxc4 bxc4 29. Ka1 Bf6 $18) 28... bxc4) 28. Nxd5 ({Not} 28. Nxb5 Bxb5 29. Bxb5 a4 $16) 28... Rxc2 $2 (28... Nxd5 29. Rxd5 Bb7) 29. Kxc2 Qxa2+ 30. Kd3 {[%cal Bc2d3,Bd3e3,Be3f2,Bf2g3][%mdl 32]} Nd7 (30... Nxd5 $142 31. exd5 Bf6) 31. Ke3 Nc5 32. Nxe7 {White mates.} Qxb3+ 33. Kf2 Qxe6 34. Rd8+ Kh7 35. Qxe6 {[%csl Ge7,Gh5][%cal Re6g6]} Rxf4+ 36. Kg3 {[%csl Gd8,Ge7][%cal Re6g8]} Nxe6 37. Ng6 {Accuracy: White = 53%, Black = 31%.} 1-0